Statistics for Where's the Capital?

Click here to take the quiz!

General Stats

  • This quiz has been taken 49 times
  • The average score is 8 of 15

Answer Stats

QuestionAnswer% Correct
AustraliaSoutheast
89%
RussiaWest central
85%
GermanyNortheast
83%
ChinaNortheast
68%
FranceNorth central
62%
ArgentinaNortheast
62%
South KoreaNorthwest
55%
BelarusCentral
49%
AustriaNortheast
49%
IndonesiaSouthwest
49%
IranNorth central
40%
AfghanistanEast central
36%
DenmarkSoutheast
36%
BulgariaWest central
34%
HungaryNorth central
30%

Score Distribution

Percentile by Number Answered

Percent of People with Each Score

Your Score History

You have not taken this quiz